Statistics for English Football Club Anthems

Click here to take the quiz!

General Stats

  • This quiz has been taken 41 times
  • The average score is 11 of 15

Answer Stats

AnthemClub% Correct
"You'll Never Walk Alone"Liverpool
100%
"Blue Moon"Manchester City
100%
"Glory Glory"Manchester United
100%
"Blue Is The Colour"Chelsea
91%
"I'm Forever Blowing Bubbles"West Ham United
91%
"When The Saints Go Marching In"Southampton
89%
"Johnny Todd"Everton
71%
"Blaydon Races"Newcastle United
71%
"Marching On Together"Leeds United
69%
"Glad All Over"Crystal Palace
57%
"Greasy Chip Butty"Sheffield United
57%
"Hi Ho Silver Lining"Wolverhampton Wanderers
57%
"On The Ball, City"Norwich City
49%
"Delilah"Stoke City
49%
"Keep Right On To The End Of The Road"Birmingham City
40%

Score Distribution

Percentile by Number Answered

Percent of People with Each Score

Your Score History

You have not taken this quiz